Statystyki dla marki samochodów

Kliknij tutaj aby rozwiązać quiz!

Ogólne statystyki

  • Ten quiz został rozwiązany 30 razy
  • Średni wynik to 4 z 15

Statystyki odpowiedzi

HintOdpowiedź% Poprawnych
1mercedes
96%
2audi
76%
3bmw
68%
4volkswagen
24%
5ford
20%
9toyota
16%
6fiat
12%
11honda
12%
7nissan
12%
8opel
12%
13tesla
8%
10dodge
4%
15jeep
4%
12mini
4%
14subaru
4%

Rozkład punktacji

Percentyl według liczby udzielonych odpowiedzi

Procent ludzi z każdym wynikiem

Twoja historia wyników

Nie rozwiązałeś tego quizu